<?xml version="1.0" encoding="UTF-8"?>
<collection xmlns="http://www.loc.gov/MARC21/slim">
  <record>
    <leader>00000nam  2200000   4500</leader>
    <controlfield tag="001">INLIS000000000016543</controlfield>
    <controlfield tag="005">20231127043157</controlfield>
    <datafield tag="035" ind1="#" ind2="#">
      <subfield code="a">0010-1123000186</subfield>
    </datafield>
    <datafield tag="245" ind1="1" ind2="#">
      <subfield code="a">SEMPEKAT-CERMAT (SISTEM PELAYANAN KEPEGAWAIAN SATU PINTU - CEPAT, EFISIEN, RAMAH DAN TERINTEGRASI) Bidang Pengadaan, Pemberhentian dan Informasi BKPSDM Kabupaten Kutai Barat /</subfield>
      <subfield code="c">Julianto, S.Sos., M. Si.</subfield>
    </datafield>
    <datafield tag="100" ind1=" " ind2="#">
      <subfield code="a">JULIANTO</subfield>
    </datafield>
    <datafield tag="250" ind1="#" ind2="#">
      <subfield code="a">1</subfield>
    </datafield>
    <datafield tag="300" ind1="#" ind2="#">
      <subfield code="a">45 halaman ; lampiran :</subfield>
      <subfield code="b">ilustrasi ;</subfield>
      <subfield code="c">30</subfield>
    </datafield>
    <datafield tag="260" ind1="#" ind2="#">
      <subfield code="a">Samarinda :</subfield>
      <subfield code="b">Puslatbang KDOD,</subfield>
      <subfield code="c">2023</subfield>
    </datafield>
    <datafield tag="084" ind1="#" ind2="#">
      <subfield code="a">PKA 181 2023</subfield>
    </datafield>
    <datafield tag="650" ind1="#" ind2="4">
      <subfield code="a">Proyek Perubahan</subfield>
    </datafield>
    <datafield tag="650" ind1="#" ind2="4">
      <subfield code="a">Administrator</subfield>
    </datafield>
    <datafield tag="650" ind1="#" ind2="4">
      <subfield code="a">Inovasi Pemerintahan</subfield>
    </datafield>
    <datafield tag="650" ind1="#" ind2="4">
      <subfield code="a">pelayanan pemerintahan</subfield>
    </datafield>
    <datafield tag="650" ind1="#" ind2="4">
      <subfield code="a">Sistem Informasi</subfield>
    </datafield>
    <datafield tag="650" ind1="#" ind2="4">
      <subfield code="a">Teknologi Informasi</subfield>
    </datafield>
    <datafield tag="520" ind1="#" ind2="#">
      <subfield code="a">"Proyek Perubahan ini menjelaskan permasalahan pelayanan kepegawaian belum terintegrasi yang disebabkan pelayanan masih dilakukan diruangan masing-masing. Inovasi Sistem Pelayanan Kepegawaian Satu Pintu – Cepat, Efisien, Ramah, dan Terintegrasi (SEMPEKAT-CERMAT) di BKPSDM Kabupaten Kutai Barat Fokus dari Rencana Aksi Perubahan ini adalah proses pelayanan kepegawaian pada Badan Kepegawaian dan Sumber Daya Manusia Kabupaten Kutai Barat dengan Sistem Pelayanan Kepegawaian Satu Pintu, dimana setiap bidang pada BKPSDM Kabupaten Kutai Barat melayani di satu tempat (front desk). Dengan adanya pelayanan satu pintu diharapkan proses pelayanan kepada perangkat daerah/ASN dan Non ASN dapat berjalan lebih cepat, efisien, ramah, dan terintegrasi.&#13;
 "</subfield>
    </datafield>
    <datafield tag="500" ind1="#" ind2="#">
      <subfield code="a">Coach : Dr. Fajar Iswahyudi, SE., MPA &#13;
Penguji : Dr. Muhammad Aswad, M.Si&#13;
Mentor :Yuli Permata Mora, SE.,M.Si</subfield>
    </datafield>
    <datafield tag="990" ind1="#" ind2="#">
      <subfield code="a">PKA/181/2023</subfield>
    </datafield>
  </record>
</collection>
